Catálogo
 En Linea

Viaje oficial por el interior de la República / (Registro nro. 13695)

Detalles MARC
000 -CABECERA
campo de control de longitud fija 01033nam a2200289 a 4500
001 - NÚMERO DE CONTROL
campo de control 000014093
003 - IDENTIFICADOR DEL NÚMERO DE CONTROL
campo de control DO-SdBNP
005 - FECHA Y HORA DE LA ÚLTIMA TRANSACCIÓN
campo de control 20250625134127.0
008 - DATOS DE LONGITUD FIJA--INFORMACIÓN GENERAL
campo de control de longitud fija 091204s1974 dr ac 001 0 spa d
040 ## - FUENTE DE LA CATALOGACIÓN
Centro catalogador/agencia de origen DO-SdBNP
Lengua de catalogación spa
Centro/agencia transcriptor BNPHU
049 ## - FONDOS LOCALES (OCLC)
Fondos de biblioteca BNPD
082 ## - NÚMERO DE LA CLASIFICACIÓN DECIMAL DEWEY
Número de clasificación 917.293
Número de documento/Ítem A174v, 1974
100 1# - ENTRADA PRINCIPAL--NOMBRE DE PERSONA
Nombre de persona Acevedo, Octavio A.
9 (RLIN) 31904
245 10 - MENCIÓN DE TÍTULO
Título Viaje oficial por el interior de la República /
Mención de responsabilidad, etc. Octavio A. Acevedo.
250 ## - MENCIÓN DE EDICIÓN
Mención de edición 2ª. ed.
260 ## - PUBLICACIÓN, DISTRIBUCIÓN, ETC.
Lugar de publicación, distribución, etc. Santo Domingo :
Nombre del editor, distribuidor, etc. La Moderna,
Fecha de publicación, distribución, etc. 1974.
300 ## - DESCRIPCIÓN FÍSICA
Extensión 44 p. :
Otras características físicas il., retrs. ;
Dimensiones 22 cm.
490 0# - MENCIÓN DE SERIE
Mención de serie Programa de difusión cultural
490 0# - MENCIÓN DE SERIE
Mención de serie Enriquillo
533 ## - NOTA DE REPRODUCCIÓN
Tipo de reproducción Facsímil:
Lugar de la reproducción Santo Domingo :
Institución responsable de la reproducción Tip. "El Progreso",
Fecha de la reproducción 1918.
650 #4 - PUNTO DE ACCESO ADICIONAL DE MATERIA--TÉRMINO DE MATERIA
Término de materia o nombre geográfico como elemento de entrada Ciudades y pueblos
Subdivisión geográfica República Dominicana
9 (RLIN) 784
651 #4 - PUNTO DE ACCESO ADICIONAL DE MATERIA--NOMBRE GEOGRÁFICO
Nombre geográfico República Dominicana
Subdivisión general Descripciones y viajes
9 (RLIN) 1651
651 #0 - PUNTO DE ACCESO ADICIONAL DE MATERIA--NOMBRE GEOGRÁFICO
Nombre geográfico República Dominicana --
Subdivisión general Historia --
Subdivisión cronológica 1844-1930
9 (RLIN) 1009
710 2# - PUNTO DE ACCESO ADICIONAL--NOMBRE DE ENTIDAD CORPORATIVA
Nombre de entidad corporativa o nombre de jurisdicción como elemento de entrada República Dominicana.
Unidad subordinada Secretaría de Estado de Educación
9 (RLIN) 607
910 ## - DATOS DE OPCIÓN DEL USUARIO (OCLC)
Datos de opción del usuario Validado. Control de calidad EMS
942 ## - ELEMENTOS DE PUNTO DE ACCESO ADICIONAL (KOHA)
Fuente del sistema de clasificación o colocación Dewey Decimal Classification
Tipo de ítem Koha Libro
Existencias
Estado de retiro Estado de pérdida Restricciones de uso No para préstamo Código de colección Localización permanente Ubicación/localización actual Ubicación en estantería Fecha de adquisición Número de inventario Total de préstamos Signatura topográfica completa Código de barras Fecha visto por última vez Número de copia Precio válido a partir de Tipo de ítem Koha Nota pública Fuente del sistema de clasificación o colocación Fuente de adquisición
    Préstamo en sala   Dominicana de Servicio Biblioteca Nacional Pedro Henríquez Ureña Biblioteca Nacional Pedro Henríquez Ureña En catalogación 15.07.2024     BNPHU DS 917.293 A174v,1974 2024-4419 15.07.2024 e.5 15.07.2024   Emilio Cordero Michel Dewey Decimal Classification donación
  Extraviado     Dominicana de Servicio General General Extraviado 04.12.2009 LF1   917.293 A174v, 1974 14093-30 25.06.2020 e. 3 25.06.2020 Libro y Folleto Colección Dominicana de Servicio      
  Extraviado     Raros y valiosos General General Extraviado 04.12.2009 LF1   917.293 A174v, 1974 14093-40 25.06.2020 e. 4 25.06.2020 Préstamo en sala Perteneció a la biblioteca personal de Martínez Boog    
      Excluido de préstamo Raros y valiosos Patrimonio Dominicano Patrimonio Dominicano Depósito 04.12.2009 LF1   917.293 A174v, 1974 14093-10 25.06.2020   25.06.2020 No se presta Perteneció a la biblioteca personal de Carlos Larrazábal    
      Excluido de préstamo Raros y valiosos Patrimonio Dominicano Patrimonio Dominicano Depósito 04.12.2009 LF1   917.293 A174v, 1974 14093-20 25.06.2020 e. 2 25.06.2020 No se presta Perteneció a la biblioteca personal de Aída Cartagena Portalatín.    

Con tecnología Koha